00306nam a2200109Ia 4500008004100000041001200041082001100053100002500064245008400089260001600173650000700189221030s9999 xx 000 0 und d aEnglish a105.23 aShradha Gandotra/391 0aAutomatic induction mottor stsrter with programmable timercVikram Jolly/338 aJammuc2000 aEE